000
00292nam a22001337a 4500
041
_a
English
082
_a
294.543 RAM1
100
_a
Ramdas, Swami
245
_a
At the Feet of God
260
_a
Kerala
_b
Anandashram
_c
1928
300
_a
130
650
_a
Spirituality-Hinduism
942
_c
BK
999
_c
21020
_d
21020